[Event "E Chess.com Grand Swiss"]
[Site "FIDE"]
[Date "2019.10.18"]
[Round "8.8"]
[White "Karjakin, Sergey"]
[Black "Dreev, Aleksey"]
[Result "1-0"]
[WhiteElo "2760"]
[BlackElo "2662"]
[EventDate "2019.??.??"]
[Annotator "Bojkov,Dejan"]
[PlyCount "61"]
[Beauty "8251705929306"]
[EventType "team-tourn"]
[EventCountry "FID"]

1.e4 c5 2.Nf3 e6 3.d4 cxd4 4.Nxd4 Nf6 5.Nc3 Nc6 {The Four Knights Sicilian is sort of a business card of the Azerbaijani players. Dreev is constantly working with the team and definitely knows a thing or two about it.} 6.Nxc6 {Karjakin goes for the main line.} ( 6.Ndb5 {often transposes to the Sveshnikov Sicilian after} 6...d6 ( {However, the genuine Four Knight Sicilian typically chooses to defend the slightly inferior position after} 6...Bb4 7.a3 Bxc3+ 8.Nxc3 d5 {which by the way leads to French type of positions. And guess who is a French specialist...} ) 7.Bf4 e5 8.Bg5 ) 6...bxc6 7.e5 Nd5 8.Ne4 Qc7 9.f4 Qb6 10.c4 Bb4+ 11.Ke2 f5 12.exf6 Nxf6 13.Be3 Qd8 14.Nd6+ Bxd6 15.Qxd6 Bb7 16.g4 ( {Two other moves were played instead:} 16.Kd1 {which did not end so good for White in the following game:} 16...c5 17.Bd3 Rc8 18.Kc2 Qb6 19.Qxb6 axb6 20.a4 Bxg2 21.Rhg1 Be4 22.Rxg7 Bg6 23.f5 Nh5 24.Bh6 Nxg7 25.Bxg7 Rg8 26.fxg6 Rxg7 27.gxh7 Rg2+ 28.Kc3 Rxh2 {Czarnota,P (2532) -Navara,D (2724) Katowice 2019} ) ( {And sort of a main move} 16.Rg1 {which recently decided the outcome of a whole tournament after} 16...Ne4 17.Qe5 c5 18.Qxg7 Qh4 19.g3 Qxh2+ 20.Rg2 Qh1 21.Rg1 Qh5+ 22.g4 Qh2+ 23.Rg2 Ng3+ 24.Kd3 Bxg2 25.Bxg2 O-O-O {Black eventually won in Salimova,N (2260)-Videnova,I (2345) Pleven 2018. Videnova was well prepared by her husband for this game, GM Davorin Kuljasevic, and this game was nominated for best novelty of 2018 by New in Chess.} ) 16...c5 17.Rg1 Ne4 $146 {"This move I did not remember." (Karjakin) The interesting thing is that it was played after 30 minutes of thought and apparently under the influence of tech neighboring board where Yu chose it against Shirov. After the game Dreev told Karjakin that he intended to play another line, but got confused by the neighbour.} ( {The predecessor saw a quick draw after} 17...Qb6 18.Bxc5 Qxb2+ 19.Ke3 Kd8 20.Bd4 Qxh2 21.Bxf6+ {1/2-1/2 (22) Bacrot,E (2696)-Chernov,V (2391) Karlsruhe 2017} ) ( {whereas Karjakin believed Dreev would have played} 17...Rc8 ) 18.Qe5 $2 {"I was told this was very bad." (Karjakin) But since on the neighboring board it was played by Shirov relatively quickly and Yu replied momentarily with d8-h4 White believed this might be critical.} 18...Qh4 $2 {A mistake in return.} ( {From afar White calculated} 18...O-O 19.Bg2 d6 20.Qxe6+ Kh8 21.Bxe4 {and believed he is winning after:} 21...Re8 ( {However, later he understood that the rook can choose a much better square:} 21...Rf6 $1 {which is essentially winning for Black as in the line} 22.Qxf6 Qxf6 23.Bxb7 {There is the double-attack:} 23...Qxb2+ {(Karjakin)} ) 22.Qxe8+ Qxe8 23.Bxb7 {this is true for this line.} ) 19.Bg2 {It is all about the initiative and who will get to the enemy king first!} 19...Qxg4+ {This is the moment in which the neighboring board was moved to another room, thus everyone could start thinking on their own again... [#]} 20.Kd3 ( {Shirov chose instead} 20.Bf3 {But Karjakin did not like it due to} 20...Nc3+ 21.bxc3 ( 21.Kd3 Qxf3 22.Kxc3 Rg8 23.Rg3 Qc6 24.Bxc5 O-O-O 25.Bd6 Ba6 26.b3 Kb7 27.Rd1 Rc8 28.Rxg7 Rxg7 29.Qxg7 Bxc4 30.Kb2 Be2 31.Re1 Qxd6 32.Rxe2 Qd1 33.Qg2+ Rc6 34.a4 Qd4+ 35.Ka2 Qxf4 36.Qg7 Rd6 37.Qxh7 Rd1 38.Qh5 Qd4 39.Rb2 e5 40.h4 Rd2 41.Rxd2 Qxd2+ 42.Ka3 Qc1+ 43.Ka2 Qc2+ 44.Ka3 Qc1+ {\BD-\BD Shirov,A-Yu,Y, FIDE Chess.com Grand Swiss 2019} ) 21...Qxf3+ 22.Kd3 Rg8 {(Karjakin)} ( 22...Rf8 {is not bad for Black either.} ) ) 20...Nf2+ {Another mistake after which the game is quickly over.} ( {White was more worried about the line} 20...d6 {when} 21.Qxe4 $5 {looks like a good sacrifice but Karjakin was not sure:} ( {"There is also the safe line"} 21.Bxe4 dxe5 22.Rxg4 O-O-O+ 23.Ke2 Bxe4 24.fxe5 {"but this should most likely be a draw." (Karjakin) Say:} 24...Bd3+ 25.Kf2 Rhf8+ 26.Kg1 Rf5 ) ( {There was a third option:} 21.Bh1 $5 {Then} 21...dxe5 ( 21...Qxg1 22.Qxe6+ ) 22.Rxg4 O-O-O+ 23.Ke2 {preserves the bishop pair for White, thus his winning chances.} ) 21...Bxe4+ 22.Bxe4 Qh5 ( 22...Qh3 {might be even better as then} 23.Bxa8 d5 {comes faster, for example:} 24.cxd5 O-O 25.Bc6 Rxf4 $1 {This is the main point behind Black's queen placement!} 26.dxe6 Rd4+ 27.Ke2 Qxe6 {with the white king exposed he can hardly hope for the advantage.} ) 23.Bxa8 O-O {"White has material advantage but next d6-d5 is coming." (Karjakin)} ) 21.Bxf2 Bxg2 22.Bxc5 {"Here I thought I am almost winning. Huge advantage" (Karjakin)} 22...Rc8 ( {Karjakin suggested instead a preliminary check with either:} 22...Qf3+ 23.Kd2 ) ( {Or} 22...Qh3+ 23.Kc2 {but in both cases the evaluation of the position does not change. The black king has no hiding place whereas the white monarch is remarkably comfortable in the center.} ) 23.Rae1 Kf7 24.Re2 ( {White also considered} 24.Bd4 {to be winning, but the game move is simpler.} ) 24...Qf3+ 25.Be3 {And since the black bishop is not moving he is losing material and the game.} 25...d6 26.Qd4 e5 27.Qxa7+ Ke6 28.Rgxg2 Rxc4 29.Kxc4 Rc8+ 30.Kb4 Qe4+ 31.Bd4 1-0

[Event "E World Cup"]
[Site "Khanty Mansiysk"]
[Date "2019.10.02"]
[Round "57.1"]
[White "Radjabov, Teimour"]
[Black "Ding, Liren"]
[Result "1-0"]
[WhiteElo "2758"]
[BlackElo "2811"]
[EventDate "2019.??.??"]
[Annotator "Bojkov,Dejan"]
[PlyCount "91"]
[Beauty "7289633244685"]
[EventType "schev"]
[EventRounds "3"]
[EventCountry "RUS"]

1.e4 e5 2.Nf3 Nc6 3.Bb5 a6 4.Ba4 Nf6 5.O-O Be7 6.Re1 b5 7.Bb3 O-O 8.c3 {In a must-win situation it seems suicidal to allow the Marshall Gambit and compete with a computer. However, Radjabov has something on his mind.} 8...d5 9.exd5 Nxd5 10.Nxe5 Nxe5 11.Rxe5 c6 12.d3 Bd6 13.Re1 Bf5 14.Qf3 Qh4 15.g3 Qh3 16.Be3 ( {Earlier this match (and this year) Radjabov tested his opponent in the forcing line:} 16.Nd2 Rae8 17.Ne4 Bg4 18.Qg2 Qxg2+ 19.Kxg2 f5 20.h3 Bh5 21.Bf4 Bxf4 22.gxf4 fxe4 23.dxe4 Bf3+ 24.Kxf3 Rxf4+ 25.Kg3 Rfxe4 26.Rxe4 Rxe4 27.f3 ( 27.a4 Re2 28.axb5 axb5 29.Bxd5+ cxd5 30.Rd1 Rxb2 31.Rxd5 Rb3 32.f3 Rxc3 33.Rxb5 {\BD-\BD (33) Radjabov,T (2758)-Ding,L (2811) Khanty-Mansiysk RUS 2019 was the continuation of the first match game.} ) 27...Re2 28.c4 bxc4 29.Bxc4 Rxb2 30.Bxa6 g5 {but Black comfortably held back then, Radjabov,T (2756)-Ding,L (2812) Shamkir 2019} ) 16...Bxd3 17.Nd2 Qf5 18.Bd4 Rfd8 19.a4 h6 20.h4 Rac8 {[#]} 21.Qxf5 $146 {This is the Azeri's prepared novelty. He revealed that he almost did not prepare for this game as he had it all stored in his file. The preparation was more psychological, as we shall see in a moment.} ( {Another recent game of the Chinese GM went:} 21.axb5 axb5 22.Bxd5 cxd5 23.Ra5 Qxf3 24.Nxf3 Re8 25.b4 f6 26.Ra6 Bf8 27.Ra7 Ra8 28.Rxe8 Rxe8 {and Black held his own in Karjakin,S (2750)-Ding,L (2805) Saint Louis 2019} ) 21...Bxf5 22.Ne4 Bf8 {Played after 30 minutes of thought! A good sign for White.} ( {It is curious to learn that Radjabov knew that this line is a draw! This was his main psychological problem- should he go for it, or not? What if the opponent knows(remembers actually!) the line? The fact that Ding sank into thought definitely gave courage to the first player. Best now was:} 22...c5 $1 {"with a draw," said Radjabov. It is not as obvious though and in many lines Black is holding with only moves. In particular these:} 23.Bxd5 ( {If this was played White might have tried instead:} 23.Nxd6 Rxd6 24.Be5 {with slow grinding, but most likely not winning the game.} ) 23...cxd4 24.Bb7 {Now Black has to remember clearly how to regain the pawn:} 24...Rc4 25.Bxa6 ( {In the line:} 25.Nxd6 Rxd6 26.axb5 axb5 27.Re5 dxc3 28.Ra8+ Kh7 29.bxc3 g6 30.Rxb5 Rxc3 {everything disappears from the board.} ) 25...Bxe4 $1 26.Bxb5 ( {One more key line runs:} 26.Rxe4 dxc3 27.Rxc4 cxb2 28.Rb1 bxc4 29.Rxb2 c3 30.Rc2 Bb4 ) 26...dxc3 $1 27.Bxc4 cxb2 28.Rad1 Bc2 29.Ba2 Bxd1 30.Rxd1 Bc7 {and it should be a draw. However, calculating such a line is close to impossible and remembering it- maybe even more difficult.} ) 23.Nc5 Nb4 24.Re5 g6 25.axb5 cxb5 26.Ne6 $3 {This is what Radjabov's idea is based on. A shocking central blow, against which Ding has to find only moves.} ( {Instead:} 26.Nxa6 Nc6 27.Rxb5 Nxd4 28.cxd4 Rxd4 29.Rb7 Rd7 30.Rxd7 Bxd7 31.Bd5 Rc2 {would have led to a typical Marshall situation where White is up a pawn, but Black comfortably holds thanks to his bishop pair.} ) 26...Bxe6 $1 {Everything else is inferior.} ( {Instead:} 26...fxe6 {loses to:} 27.Rxf5 $1 gxf5 28.Bxe6+ Kh7 29.Bxf5+ $1 {The point.} 29...Kg8 30.Bxc8 Rxc8 31.cxb4 {and Black misses the g-pawn in comparison to the game.} ) ( {Or:} 26...Rd7 27.Nxf8 Rxf8 28.Bc5 Nd3 29.Bxf8 Nxe5 30.Bxh6 {winning a pawn.} ) 27.Rxe6 fxe6 28.Bxe6+ Kh7 29.Bxc8 Rxc8 {One more good sign for Radjabov, who was up to here still in his prep!} ( {Instead:} 29...Nc2 $1 {would have still been "a draw" as the Azeri GM revealed. For example:} 30.Rc1 Nxd4 31.cxd4 a5 ( {Or even:} 31...Rxd4 32.Bxa6 Rb4 {and once that the b-pawn disappears the draw becomes inevitable.} ) 32.Ba6 Bg7 33.Bxb5 Bxd4 ) 30.cxb4 Rc4 31.Bf6 $1 {One more brilliant practical decision.} ( {White avoided:} 31.Be5 Bg7 32.Bxg7 Kxg7 33.Rxa6 Rxb4 34.Ra2 Kf6 {with a draw.} ) 31...Bg7 ( {Bad was:} 31...Rxb4 32.Rxa6 {when Black has problems on both wings.} ) ( {However, another version of the bishop exchange seemed like a good way to hold:} 31...Rc6 $1 32.Bc3 Bg7 {Now:} 33.Kg2 Bxc3 34.Rc1 $5 a5 $1 {will lead soon to the endgame Black dreams of three versus two on the kingside. Especially if he can play h6-h5!} ) 32.Be7 Rc6 {Once again Ding hesitates and is uncertain which endgame to chose.} ( {Better was to search for the rook endgame again with:} 32...Bxb2 33.Rxa6 Bc3 {True, after:} 34.Rb6 Bxb4 35.Bf6 {Radjabov will keep the bishops alive and this will give him much more chances than the pure rook endgame, but at least the pawns will be on the same side which should make defense easier.} ) 33.Ra2 Kg8 34.Bc5 Kf7 ( {Here was the last moment for:} 34...Bf8 $1 {Black is still very close to the draw. Say:} 35.b3 Kf7 $1 ( {Not the immediate:} 35...Bxc5 36.bxc5 Rxc5 37.Rxa6 {(with tempo!)} 37...Kg7 38.Rb6 $1 ) 36.Rc2 Bxc5 37.Kg2 {Avoiding the threat Bc5xf2+!} ( 37.bxc5 a5 {is similar.} ) 37...a5 $1 {and Black manages to get rid of the queenside pawns.} ) 35.Kg2 Ke6 36.b3 h5 ( {According to Radjabov Black's last chance was:} 36...Bc3 {Although here after:} 37.Rc2 $1 {Black's chances of survival are slim. Both:} 37...Bxb4 $2 ( {And} 37...Bd4 $2 38.Re2+ ) 38.Re2+ {lose on the spot.} ) 37.Kf3 {Now White automatically centralizes his pieces and is practically winning.} 37...Kf5 38.Rd2 Be5 39.Rd5 Ke6 ( {The very last chance to put up resistance was:} 39...Kf6 {with the idea to meet:} 40.Ke4 {with} 40...Re6 ) 40.Ke4 {White showed no mercy from here:} 40...Bf6 41.f4 $1 Bc3 42.f5+ Kf7 43.Rd7+ Kg8 ( 43...Ke8 44.Rh7 $1 ) 44.Bd6 $1 gxf5+ 45.Kxf5 Bg7 46.Kg5 ( 46.Kg6 $2 Bf8 ) 1-0

[Event "E World Cup"]
[Site "Khanty Mansiysk"]
[Date "2019.10.04"]
[Round "64.1"]
[White "Radjabov, Teimour"]
[Black "Ding, Liren"]
[Result "1-0"]
[WhiteElo "2758"]
[BlackElo "2811"]
[EventDate "2019.??.??"]
[Annotator "Bojkov,Dejan"]
[PlyCount "91"]
[Beauty "7284935633417"]
[EventType "schev"]
[EventRounds "3"]
[EventCountry "RUS"]

1.e4 c5 {In a must-win situation, Ding naturally switches to the Sicilian defense.} 2.Nf3 d6 3.d4 cxd4 4.Nxd4 Nf6 5.Nc3 Nc6 6.Be2 {The most solid, classical choice.} 6...e5 7.Nb3 Be7 8.Bg5 O-O 9.Bxf6 Bxf6 10.Nd5 {This position was always considered either slightly better for White (from the perspective of the first player) or absolutely harmless (from Black's perspective.) Both evaluations suited Radjabov well.} 10...Bg5 11.Bg4 {Trading the light-squared bishop is a dream-come-true for White if the pawn structure does not change.} ( {Instead:} 11.O-O Be6 12.c3 a5 13.Qd3 Ne7 14.Nxe7+ Bxe7 15.Rfd1 Qb6 {was very comfortable for Black in Chen,Q (2435)-Venkatesh,M (2481) Qingdao 2019} ) 11...Be6 12.O-O g6 13.Bxe6 fxe6 {Ok, now Black can also be happy as he managed to cover the vulnerable f5 and d5 squares.} 14.Nc3 Qe7 $146 ( {A predecessor saw:} 14...a5 15.a4 Nb4 16.Qe2 Qe7 17.Rad1 Rfd8 18.Nb5 d5 {Ries,B (1946)-Fuchs,M (2096) Bayerisch Eisenstein 2017, but I suspect that both players were unaware of this.} ) 15.Qd3 {White's play is relatively simple, whereas Black needs to prove kingside initiative to stay in the match.} 15...Rad8 16.Rad1 a6 17.a3 Kg7 18.Qg3 h5 19.Ne2 d5 {Ding needs to play energetically.} 20.Qc3 {On his turn Radjabov tries to provoke d5-d4 to ossify the pawn structure. Then the knights will be celebrities.} 20...Rf6 ( {For example:} 20...d4 21.Qc5 Rc8 {Now a move like:} 22.c3 {will bring White closer to the win of the match after:} 22...dxc3 23.Nxc3 Nd4 24.Qxe7+ Bxe7 25.Nxd4 exd4 26.Rxd4 Bxa3 27.bxa3 Rxc3 28.a4 {with a drawish rook endgame.} ) 21.Qc5 Qf7 22.c3 $2 {Yes, seconds on the clock does not help determine all the subtleties of a position. A seemingly solid-looking move turns out to have a serious tactical flaw.} ( {Both:} 22.Qc3 $1 ) ( {And} 22.Rd3 $1 {would have been good for White.} ) 22...h4 {Ding plays on the side where he is better by default.} ( {And misses a chance to embarrass the white queen with:} 22...Qc7 $1 {The threat is b7-b6 to trap the enemy Royalty, when} 23.exd5 exd5 24.f3 h4 25.Qf2 Ne7 $1 {followed by Ne7-f5 and threats along the dark-squares would have given the Chinese GM serious chances of staying in the match!} ) 23.h3 Rd7 ( {It was not too late for:} 23...Qc7 $1 24.exd5 exd5 25.f3 b6 26.Qf2 Ne7 $1 {with Black's edge.} ) 24.Qb6 $1 {Now everything is under control for Radjabov. His pieces are optimally placed and the black bishop-somewhat empty.} 24...Re7 25.Nc5 Kh7 {Preparing kingside attack.} 26.b4 $1 {This is where White should play. If he removes the black knight from its optimal position on c6 Ding's position is going to collapse.} ( {It is always easy to get tempted by a pawn:} 26.Nxb7 $2 Rxb7 27.Qxc6 Rxb2 28.Qxa6 $1 {And get in trouble after:} 28...Rxf2 29.Rxf2 Be3 30.Rf1 dxe4 31.a4 Rd2 $1 {With the idea:} 32.a5 Bxf2+ 33.Rxf2 $2 Rd1+ ) 26...d4 27.Nd3 $5 {Solid and good.} ( {But even better was:} 27.c4 $1 {followed by Nc5-d3 (if needed) and b4-b5!} ) 27...Rd7 ( 27...dxc3 28.Nxc3 Qg7 {followed by Bg5-f4 and the advance of the g-pawn seemed like the right thing to do.} ) 28.Qc5 ( {Once more:} 28.c4 $1 {was optimal, for example:} 28...Qe7 29.b5 axb5 30.cxb5 Nd8 31.Nxe5 {and Black's position collapses.} ) 28...dxc3 29.Qxc3 Bh6 30.a4 $1 Nd4 ( {After:} 30...g5 {White would have most likely reacted with:} 31.b5 axb5 32.axb5 Nd4 33.Nxd4 exd4 34.Qa1 {when the knight is clearly superior to the bishop and Black is not going anywhere on the kingside.} ) 31.Nxd4 exd4 32.Qc4 {Radjabov managed to outplay his opponent completely. Ding's risky play left him is strategically suspicious lost which quickly deteriorates.} 32...Qe7 33.Ne5 Rc7 34.Qxd4 {A pawn goes down while White keeps domination.} 34...Bf4 35.Ng4 Rf7 36.e5 Rf5 37.b5 axb5 38.axb5 g5 39.b6 $1 {On the top of everything Radjabov had extra half-a-minute on his clock to set up a devilish trap.} 39...Rc6 40.Qe4 Rxb6 {Falling into it, but Ding had a few seconds left on the clock.} ( {Better was:} 40...Kg7 {although this would not have changed the overall match winner after:} 41.Rd3 $1 Rxb6 42.Rfd1 ) 41.Rd7 $3 {A beautiful way to finish a great match.} 41...Qxd7 42.Nf6+ Kg7 43.Nxd7 Rb5 44.Qc4 Rd5 45.Nc5 Rfxe5 46.Nxe6+ $1 {One last petite combination, and time to congratulate the 2019 World Cup Winner- Teimour Radjabov!} 1-0